Địa lý tự nhiên đại cương 3 : Thổ nhưỡng quyển, sinh quyển, lớp vỏ cảnh quan và các quy luật địa lí của trái đất /
Trình bày những khái niệm cơ bản về thổ nhưỡng quyển, sinh quyển và lớp vỏ cảnh quan trái đất, đồng thời nêu sự vận dụng lí luận dạy học vào giảng dạy môn học địa lí
Sparad:
| Övriga upphovsmän: | , , |
|---|---|
| Materialtyp: | Bok |
| Språk: | Vietnamese |
| Publicerad: |
H. :
Đại học Sư phạm,
2010.
|
| Upplaga: | In lần thứ 7 |
| Ämnen: | |
| Taggar: |
Lägg till en tagg
Inga taggar, Lägg till första taggen!
|
| Thư viện lưu trữ: | Mạng thư viện Đại học Đà Nẵng |
|---|
| LEADER | 01967aam a22004698a 4500 | ||
|---|---|---|---|
| 001 | 000023253 | ||
| 003 | 19703 | ||
| 005 | 20191226161103.0 | ||
| 008 | 150605s2010 viesd | ||
| 020 | |c 70000đ |d 1000b | ||
| 041 | 0 | |a vie | |
| 082 | 1 | 4 | |2 14 |a 551 |b Đia |
| 245 | 1 | 0 | |a Địa lý tự nhiên đại cương 3 : |b Thổ nhưỡng quyển, sinh quyển, lớp vỏ cảnh quan và các quy luật địa lí của trái đất / |c Nguyễn Kim Chương (ch.b.), Nguyễn Trọng Hiếu, Lê Thị Ngọc Khanh, Đỗ Thị Nhung. |
| 246 | |a Địa lí tự nhiên đại cương 3 | ||
| 250 | |a In lần thứ 7 | ||
| 260 | |a H. : |b Đại học Sư phạm, |c 2010. | ||
| 300 | |a 259 tr. : |b hình vẽ, ảnh ; |c 24 cm. | ||
| 504 | |a Thư mục cuối mỗi chương | ||
| 520 | |a Trình bày những khái niệm cơ bản về thổ nhưỡng quyển, sinh quyển và lớp vỏ cảnh quan trái đất, đồng thời nêu sự vận dụng lí luận dạy học vào giảng dạy môn học địa lí | ||
| 650 | 0 | 4 | |2 Bộ TK TVQG |a Địa lý tự nhiên |x Nghiên cứu |
| 650 | 7 | |2 Bộ TK TVQG | |
| 650 | 7 | |2 Bộ TK TVQG | |
| 653 | |a Địa lí tự nhiên | ||
| 653 | |a Trái đất | ||
| 653 | |a Quy luật địa lí | ||
| 653 | |a Lớp vỏ cảnh quan | ||
| 653 | |a Sinh quyển | ||
| 653 | |a Thổ nhưỡng quyển | ||
| 655 | 7 | |2 Bộ TK TVQG |a Giáo trình | |
| 700 | 1 | |a Nguyễn Kim Chương | |
| 700 | 1 | |a Lê Thị Ngọc Khanh | |
| 700 | 1 | |a Nguyễn Trọng Hiếu | |
| OWN | |a LSP | ||
| AVA | |a UDN50 |b LSP |d 551 Đia |e check_holdings |t Error 5003 Not defined in file expand_doc_bib_avail. |h N |k 1 | ||
| 999 | |a From the UDN01 | ||
| AVA | |a UDN50 |b LSP |d 551 Đia |e available |t Error 5001 Not defined in file expand_doc_bib_avail. |f 20 |g 12 |h N |i 56 |k 1 | ||
| TYP | |a Monograph | ||
| TYP | |a Printed language | ||
| 980 | |a Mạng thư viện Đại học Đà Nẵng | ||